Analýza temp růstu průmyslové výroby, vývozu a dovozu
Analýza rastu priemyselnej výroby, vývozu a dovozu. Vplyv počtu pracovných dní v mesiaci na medziročné tempo rastu priemyselnej výroby a zahraničného obchodu. Vplyvy pôsobiace na tepmo rastu priemyselnej výroby, vývozu a dovozu.
Na minha lista:
| Autor principal: | |
|---|---|
| Outros Autores: | , |
| Formato: | Capítulo de Livro |
| Idioma: | tcheco |
| Assuntos: | |
| Tags: |
Sem tags, seja o primeiro a adicionar uma tag!
|
MARC
| LEADER | 00000naa a2200000 4500 | ||
|---|---|---|---|
| 001 | r023090 | ||
| 005 | 20230925105806.7 | ||
| 041 | 0 | |a cze | |
| 044 | |a CZ | ||
| 245 | 1 | 0 | |a Analýza temp růstu průmyslové výroby, vývozu a dovozu |c I. Šujan, M. Šujanová, P. Murtin |
| 520 | |a Analýza rastu priemyselnej výroby, vývozu a dovozu. Vplyv počtu pracovných dní v mesiaci na medziročné tempo rastu priemyselnej výroby a zahraničného obchodu. Vplyvy pôsobiace na tepmo rastu priemyselnej výroby, vývozu a dovozu. | ||
| 610 | 2 | 0 | |a výroba priemyselná |
| 610 | 2 | 0 | |a obchod zahraničný |
| 610 | 2 | 0 | |a vývoz |
| 610 | 2 | 0 | |a dovoz |
| 610 | 2 | 0 | |a analýza štatistická |
| 100 | 1 | |a Šujan, I. | |
| 700 | 1 | |a Šujanová, M. | |
| 700 | 1 | |a Murtin, P. | |